| 000 | 00388nam a22001217a 4500 | ||
|---|---|---|---|
| 008 | 230623b xxu||||| |||| 00| 0 eng d | ||
| 082 |
_a330.9 _bFOS 2003 |
||
| 110 | _bCentre for the Study of African Economies | ||
| 245 |
_aAfrican Economic Research Consortium _bPlenary Sessions December 2000 and May 2001 |
||
| 260 |
_bOxford University Press _c2003 |
||
| 300 | _aii211p | ||
| 942 |
_2ddc _cBK |
||
| 999 |
_c2467 _d2467 |
||